000 00648nam a2200169Ia 4500
008 110201s9999 xx 000 0 und d
082 _bB6249
_aP 113
100 _aबागवे अशोक
245 _aआज इसवीसन ताजे टवटवीत वगैरे
260 _bग्रंथाली प्रकाशन
365 _b100
600 _aबागवे अशोक
630 _aआज इसवीसन ताजे टवटवीत वगैरे
700 _aबागवे अशोक
730 _aआज इसवीसन ताजे टवटवीत वगैरे
942 _cBOOK
999 _c831945
_d831942